Geography starting in W, with second letters A-Z - Statistics

General Stats
  • This quiz has been taken 19 times
  • The average score is 5 of 26
Answer Stats
2nd letter Clue Answer starting with W % Correct
A US capital where a leg part gets trapped by gravity and weight (10) Washington
94%
F The airport code for Fianarantsoa, Madagascar (3) WFI
56%
U Infamous Chinese metropolis (5) Wuhan
50%
V The code for Walvis Bay Airport in Namibia (3) WVB
44%
P The airport code for Wipim, Papua New Guinea (3) WPM
39%
Q Abbreviation for Wyggeston and Queen Elizabeth I College, Leicester (3) WQE
39%
H Light-coloured body of water in the Arctic (8) White Sea
28%
X Wanzhou Wuqiao Airport's code (3) WXN
28%
O Sussex seaside town of some value (8) Worthing
22%
Y District of Manchester built at that time of silence and sympathy (10) Wythenshaw
22%
G An upland stream in Wales, Nant ___ (4) Wgan
11%
B One last tragic Zulu climbs Dumowa ___, mountain in Poland (5) Wbicz
6%
C Rock formation in Poland that's to say thank you (6) Wcięta
6%
D Polish settlement where first level of ship is built with a minute left? Yes and no (10) Wdecki Młyn
6%
E New Zealand partly houses Chinese place (7) Wenzhou
6%
I Ancient Peruvian will not return to Somerset town Wincanton
6%
K Some rabbits swimming in Polish river (4) Wkra
6%
L Bowling indoors holds the key for this Indonesian municipality (6) Wlingi
6%
M Road named after the W. Massachusetts electric company - part of a pro-environmental campaign? (10) WMECO Drive
6%
N Nigerian village where I write a reasonable note (6) Wnioke
6%
R Heavenly being on a large isle north of Russia (14) Wrangell Island
6%
S Current flowing in reverse holds question for Polish town (7) Wschowa
6%
W Historical landmark dating from 1942 on Adak Island, Alaska, named after a slanted platform for enemy aircraft able to land on water (24) WWII Japanese Seaplane Ramp
6%
Z Failing to get browned by the sun in African country, go to NZ instead to climb this mountain (6) Wzania
6%
J Dutch village where the last one left is Roy, superficially still there, at the park (8) Wjelsryp
0%
T Short version of phone number for Polish village (6) Wtelno
0%
No matching quizzes found
Score Distribution
Percent of People with Each Score
Percentile by Number Answered
Your Score History
You have not taken this quiz